British History Quiz #7 (Georgians) - Statistics

General Stats
  • This quiz has been taken 187 times
  • The average score is 9 of 15
Answer Stats
Hint Answer % Correct
Which admiral died at the battle of trafalgar Horatio Nelson
93%
Who was the third longest reigning monarch of Great Britain famous for how mad he became in his old age George III
92%
What was the last battle of the Napoleonic wars Waterloo
92%
What is know as the worlds first industrial city Manchester
88%
Which general was in command of the British forces in the above battle Arthur Wellesley
78%
Which Holy Roman Electorate/Kingdom was George I the first from Hanover
67%
Which Lieutenant/captain claimed New south Wales for Great Britain James Cook
65%
Who is the youngest ever prime minister William Pitt 'The younger'
64%
In which war did Britain burn Washington D.C War of 1812
62%
What is the name for the group of textile workers who destroyed the textile machinery that was replacing them Luddites
58%
Who was the first prime minister of the Great Britain Robert Walpole
56%
Who wrote the first English dictionary Samuel Johnson
40%
Which Clockmaker solved the longitude problem with his H4 sea watch John Harrison
10%
What was the last battle in which a British monarch lead troops into battle Dettingen
8%
Who was the inventor of the spinning jenny James Hargreaves
7%
No matching quizzes found
Score Distribution
Percent of People with Each Score
Percentile by Number Answered
Your Score History
You have not taken this quiz